<?xml version="1.0" encoding="UTF-8"?>
<record
    xmlns:xsi="http://www.w3.org/2001/XMLSchema-instance"
    xsi:schemaLocation="http://www.loc.gov/MARC21/slim http://www.loc.gov/standards/marcxml/schema/MARC21slim.xsd"
    xmlns="http://www.loc.gov/MARC21/slim">

  <leader>04519nam a2200505 a 4500</leader>
  <controlfield tag="001">dia_889</controlfield>
  <controlfield tag="003">CHAP</controlfield>
  <controlfield tag="005">20250704182127.0</controlfield>
  <controlfield tag="007">ta</controlfield>
  <controlfield tag="008">220117s2001    mx abdefrm    001 0 spa d</controlfield>
  <datafield tag="010" ind1=" " ind2=" ">
    <subfield code="a">171437</subfield>
  </datafield>
  <datafield tag="040" ind1=" " ind2=" ">
    <subfield code="c">CHAP</subfield>
    <subfield code="a">mxchpua</subfield>
    <subfield code="e">rda</subfield>
  </datafield>
  <datafield tag="041" ind1="0" ind2=" ">
    <subfield code="a">spa</subfield>
    <subfield code="b">eng</subfield>
  </datafield>
  <datafield tag="090" ind1=" " ind2=" ">
    <subfield code="a">Tesis </subfield>
    <subfield code="b">Z382 </subfield>
    <subfield code="c">2001</subfield>
  </datafield>
  <datafield tag="100" ind1="1" ind2=" ">
    <subfield code="a">Zavala Zaragoza, Jorge</subfield>
  </datafield>
  <datafield tag="240" ind1="1" ind2="0">
    <subfield code="a">Business plan for the establishment of a small sacle goat milk cheese project in the municipality of Valle de Santiago, Guanajuato.</subfield>
    <subfield code="l">Espa&#xF1;ol</subfield>
  </datafield>
  <datafield tag="245" ind1="1" ind2="0">
    <subfield code="a">Plan de negocios por la creaci&#xF3;n de una microempresa de productos l&#xE1;cteos (quesos de cabra) en el municipio de Valle de Santiago, Guanajuato /</subfield>
    <subfield code="c">Jorge Zavala Zaragoza</subfield>
  </datafield>
  <datafield tag="264" ind1=" " ind2=" ">
    <subfield code="a">Chapingo, M&#xE9;xico :</subfield>
    <subfield code="b">El autor,</subfield>
    <subfield code="c">2001</subfield>
  </datafield>
  <datafield tag="300" ind1=" " ind2=" ">
    <subfield code="a">vii, 102 hojas :</subfield>
    <subfield code="b">ilustraciones, mapas, gr&#xE1;ficas, diagramas, tablas, planos</subfield>
  </datafield>
  <datafield tag="336" ind1=" " ind2=" ">
    <subfield code="2">rdacontent</subfield>
    <subfield code="a">texto</subfield>
    <subfield code="b">txt</subfield>
  </datafield>
  <datafield tag="337" ind1=" " ind2=" ">
    <subfield code="2">rdamedia</subfield>
    <subfield code="a">no mediado</subfield>
    <subfield code="b">n</subfield>
  </datafield>
  <datafield tag="338" ind1=" " ind2=" ">
    <subfield code="2">rdacarrier</subfield>
    <subfield code="a">volumen</subfield>
    <subfield code="b">nc</subfield>
  </datafield>
  <datafield tag="500" ind1=" " ind2=" ">
    <subfield code="a">El plano est&#xE1; incluido en el reporte</subfield>
  </datafield>
  <datafield tag="502" ind1=" " ind2=" ">
    <subfield code="a">Tesis</subfield>
    <subfield code="b">(Ingeniero Agroindustrial) -- </subfield>
    <subfield code="c">UACh. Departamento de Ingenier&#xED;a Agroindustrial, </subfield>
    <subfield code="d">2001</subfield>
  </datafield>
  <datafield tag="504" ind1=" " ind2=" ">
    <subfield code="a">Bibliograf&#xED;a: hojas 76-78</subfield>
  </datafield>
  <datafield tag="505" ind1="0" ind2=" ">
    <subfield code="a">1 plano --
1. Plano de distribuci&#xF3;n de &#xE1;reas y equipos</subfield>
  </datafield>
  <datafield tag="520" ind1="3" ind2=" ">
    <subfield code="a">Un plan de negocios identifica y analiza una oportunidad de negocio, examina la viabilidad t&#xE9;cnica, econ&#xF3;mica y financiera, desarrolla los procedimientos y estrategias necesarias para generar un proyecto empresarial. La creaci&#xF3;n de la microempresa surge como necesidad de los caprinocultores para evitar la incidencia de la brucelosis, que repercute en un decremento en la comercializaci&#xF3;n de la leche, por ello es importante implementar buenas pr&#xE1;cticas de manejo como la pasteurizaci&#xF3;n. Este producto se comercializar&#xE1; como queso genuino de cabra Quiriceo, en tiendas de autoservicio del sur de la ciudad de M&#xE9;xico, donde asiste gente de la clase media y clase media alta. En el presente trabajo se evaluaron los costos para implementar una tecnolog&#xED;a que permita el desarrollo de un queso de calidad sanitaria. La producci&#xF3;n para este estudio fue de 16,968 kilogramos, los costos de producci&#xF3;n ser&#xE1;n de $995,724.00, los ingresos totales son de $1,357,440.00 con un flujo de caja de $361,716.00. En la evaluaci&#xF3;n financiera se obtuvo una tasa interna de retorno (TIR) de 96% y un punto de equilibrio de producci&#xF3;n del 47%, esto permite entender que el proyecto es rentable. La figura jur&#xED;dica de esta empresa ser&#xE1; una Sociedad de Producci&#xF3;n Rural.&#xA0;--</subfield>
  </datafield>
  <datafield tag="520" ind1="3" ind2=" ">
    <subfield code="a">A business plan identifies and analyses a business opportunity. It examines the viability, techniques, financial outlay and develops procedures and strategies necessary for the generation of a business project. The establishment of the above project requires as a matter of necessity that goat farmers implement good product management practices Such as pasteurization in order to prevent brucelosis which otherwise would negatively affect milk marketability. This product will be marketed as genuine cheese from goat milk Quiriceo in big supermarkets south of Mexico city where it will assist the middle class segment of the population. In this study, costs for the technology required to produce good quality cheese were evaluated. The output was 11,968 kg. Total cost of production was found to be $995,724.00 and sales amounted to $1,357,440.00 generating a profit of $361,716.00. In the financial evaluation, the project was found to have an internal rate of return of 96% and un equilibrium production point of 47%. These results therefore show that the project is viable. The legal structure of this business is a Rural Production Society.&#xA0;</subfield>
  </datafield>
  <datafield tag="650" ind1="1" ind2="3">
    <subfield code="a">Industria quesera</subfield>
    <subfield code="x">Iniciativa empresarial</subfield>
    <subfield code="z">M&#xE9;xico</subfield>
    <subfield code="z">Guanajuato</subfield>
    <subfield code="2">atg</subfield>
  </datafield>
  <datafield tag="650" ind1="1" ind2="3">
    <subfield code="a">Queso de cabra</subfield>
    <subfield code="2">atg</subfield>
  </datafield>
  <datafield tag="650" ind1="1" ind2="3">
    <subfield code="a">Leche de cabra</subfield>
    <subfield code="2">atg</subfield>
    <subfield code="x">Pasteurizaci&#xF3;n</subfield>
  </datafield>
  <datafield tag="650" ind1="1" ind2="3">
    <subfield code="a">Empresas</subfield>
    <subfield code="2">atg</subfield>
    <subfield code="x">Desarrollo comercial</subfield>
  </datafield>
  <datafield tag="650" ind1="1" ind2="3">
    <subfield code="a">Cheese industry</subfield>
    <subfield code="x">Entreprenueurship</subfield>
    <subfield code="z">Mexico</subfield>
    <subfield code="z">Guanajuato</subfield>
    <subfield code="2">atg</subfield>
  </datafield>
  <datafield tag="650" ind1="1" ind2="3">
    <subfield code="a">Goat cheese  </subfield>
    <subfield code="2">atg</subfield>
  </datafield>
  <datafield tag="650" ind1="1" ind2="3">
    <subfield code="a">Goat milk</subfield>
    <subfield code="2">atg</subfield>
    <subfield code="x">Pasteurization</subfield>
  </datafield>
  <datafield tag="650" ind1="1" ind2="3">
    <subfield code="a">Business enterprises</subfield>
    <subfield code="2">atg</subfield>
    <subfield code="x">Business development</subfield>
  </datafield>
  <datafield tag="700" ind1="1" ind2=" ">
    <subfield code="a">P&#xE9;rez Pelayo, Fernando</subfield>
    <subfield code="e">director</subfield>
  </datafield>
  <datafield tag="700" ind1="1" ind2=" ">
    <subfield code="a">Altamirano C&#xE1;rdenas, J. Reyes</subfield>
    <subfield code="e">asesor</subfield>
  </datafield>
  <datafield tag="700" ind1="1" ind2=" ">
    <subfield code="a">Villegas de Gante, Abraham Zacarias</subfield>
    <subfield code="e">asesor</subfield>
  </datafield>
  <datafield tag="901" ind1=" " ind2=" ">
    <subfield code="a">TESIS Z382 2001</subfield>
  </datafield>
  <datafield tag="902" ind1=" " ind2=" ">
    <subfield code="a">M</subfield>
  </datafield>
  <datafield tag="905" ind1=" " ind2=" ">
    <subfield code="a">0000002001                          mx A   0000000000spa00</subfield>
  </datafield>
  <datafield tag="942" ind1=" " ind2=" ">
    <subfield code="c">TESIS</subfield>
    <subfield code="2">Clasificaci&#xF3;n Universidad Aut&#xF3;noma Chapingo</subfield>
  </datafield>
  <datafield tag="999" ind1=" " ind2=" ">
    <subfield code="c">171437</subfield>
    <subfield code="d">171437</subfield>
  </datafield>
  <datafield tag="952" ind1=" " ind2=" ">
    <subfield code="0">0</subfield>
    <subfield code="1">0</subfield>
    <subfield code="2">local</subfield>
    <subfield code="4">0</subfield>
    <subfield code="5">1</subfield>
    <subfield code="7">0</subfield>
    <subfield code="8">TESIS</subfield>
    <subfield code="a">IA_</subfield>
    <subfield code="b">IA_</subfield>
    <subfield code="e">El autor</subfield>
    <subfield code="l">0</subfield>
    <subfield code="o">Tesis Z382 2001</subfield>
    <subfield code="p">1101015616</subfield>
    <subfield code="r">2026-02-02 00:00:00</subfield>
    <subfield code="t">Ej. 1</subfield>
    <subfield code="y">TESIS</subfield>
  </datafield>
  <datafield tag="952" ind1=" " ind2=" ">
    <subfield code="0">0</subfield>
    <subfield code="1">0</subfield>
    <subfield code="2">local</subfield>
    <subfield code="4">0</subfield>
    <subfield code="5">5</subfield>
    <subfield code="7">0</subfield>
    <subfield code="8">TESIS</subfield>
    <subfield code="a">IA_</subfield>
    <subfield code="b">IA_</subfield>
    <subfield code="d">2025-07-04</subfield>
    <subfield code="e">El autor</subfield>
    <subfield code="l">0</subfield>
    <subfield code="o">Tesis Z382 2001</subfield>
    <subfield code="p">1101015617</subfield>
    <subfield code="r">2026-02-02 00:00:00</subfield>
    <subfield code="t">Ej. 2</subfield>
    <subfield code="w">2025-07-04</subfield>
    <subfield code="y">TESIS</subfield>
  </datafield>
</record>
